Normal view
MARC view
Entry Personal Name
Number of records used in: 130
001 - CONTROL NUMBER
- control field: 17815
003 - CONTROL NUMBER IDENTIFIER
- control field: dpl
005 - DATE AND TIME OF LATEST TRANSACTION
- control field: 20100901103938.0
008 - FIXED-LENGTH DATA ELEMENTS
- fixed length control field: 100901|||a|||||| | ||| d
040 ## - CATALOGING SOURCE
- Original cataloging agency: dpl
- Transcribing agency: dpl
100 ## - HEADING--PERSONAL NAME
- Personal name: Ustad Ali Akbar Khan
670 ## - SOURCE DATA FOUND
- Source citation: Work cat.: (dpl)43284: Ustad Ali Akbar Khan, Sarod ghat-rag jonpuri Part 1
670 ## - SOURCE DATA FOUND
- Source citation: Work cat.: (dpl)43284: Ustad Ali Akbar Khan, Sarod ghat-rag jonpuri Part 1
